Normal view
MARC view
- Dr Khalid Ghaznavi
Entry Personal Name
001 - CONTROL NUMBER
- control field: 88329
003 - CONTROL NUMBER IDENTIFIER
- control field: NUST
005 - DATE AND TIME OF LATEST TRANSACTION
- control field: 20220112151119.0
008 - FIXED-LENGTH DATA ELEMENTS
- fixed length control field: 220112|| aca||aabn | a|a d
040 ## - CATALOGING SOURCE
- Original cataloging agency: NUST
- Transcribing agency: NUST
100 ## - HEADING--PERSONAL NAME
- Personal name: Dr Khalid Ghaznavi
670 ## - SOURCE DATA FOUND
- Source citation: Work cat.: (NUST): Dr Khalid Ghaznavi , Dil Ki Bimarian Aur Elaj E Nabvi, 2018.
